00409 2200181 4500001002100000005001500021035002000036245004400056100001800100300000700118260003200125082000800157084001400165990001200179990001200191990001200203990001200215INLIS00000000000204320250527091340 a0010-05250003351 aHorison Majalah Sastra /cChairil Anwar0 aChairil Anwar a28 aJakarta :bDepdiknas,c2009 a800 a800 CHA h a0713283 a0713284 a0713285 a0713286